| 000 | 004820000a22001810004500 | ||
|---|---|---|---|
| 001 | 004677 | ||
| 003 | MACL | ||
| 005 | 20150730133225.0 | ||
| 008 | 150730b xxu||||| |||| 00| 0 eng d | ||
| 040 |
_aMACL _cMACL |
||
| 041 | _aEnglish | ||
| 082 | _a340/QUA | ||
| 100 |
_aQadri, Anwar A. _93432 |
||
| 245 |
_aIslamic Jurisprudence In Modern World _bIn The Modern World _cAnwar A. Qadri |
||
| 260 |
_aNew Delhi _c2007 _bAdam Publishers, |
||
| 650 |
_aLaw _93433 |
||
| 942 |
_k340 _cBK _2ddc |
||
| 999 |
_c16564 _d16564 |
||